00369 2200157 4500001002100000005001500021035002000036245002800056100001700084300002600101260002800127082000800155084001400163020002200177990001200199INLIS00000000000295920250917015650 a0010-09250003061 aKembali /cSofia Mafaza0 aSofia Mafaza a276 hlm ;c13 x 19 cm aJakarta :bZettu,c2014 a813 a813 SOF k a978-602-7999-83-1 a0755673